00427cam a2200169ua 45000010005000000080039000050200018000440400009000620820013000711000022000842450042001062500009001482600039001573000017001966530022002136530022002353540111121n ii |||gr||||Z||||||asm a81-7665-194-X cMAIN a808.8023 aDutta, Samuadeep,11aAranyar cha puharcby Samyadeep Dutta a1st. aGuwahati:bStudents stores,c2003. a132p:c23cm. aAssamese traveler aAranyar cha puhar